Etica social

Gardado en:
Detalles Bibliográficos
Autor Principal: Kinnen, Eduardo (Author)
Formato: Libro
Idioma:Lingua castelá
Publicado: Santiago Universidad Católica de Chile 1963
Subjects:
Tags: Engadir etiqueta
Sen Etiquetas, Sexa o primeiro en etiquetar este rexistro!

MARC

LEADER 00000nam a2200000 a 4500
001 UCZ3055
003 CL-VaPUC
008 951013e19630000CL |||||||||||||||||spa|d
082 0 4 |a 177  |b KIN  |2 21 
100 |a Kinnen, Eduardo  |e author  |9 587598 
245 1 0 |a Etica social 
300 |a 376 p 
942 |c BK 
945 |d 19951013 00:00:00  |a lriquelm 
260 |a Santiago  |b Universidad Católica de Chile  |c 1963 
650 0 |a Conceptos morales   |9 310606 
650 0 |a Escuelas filosóficas   |9 266232 
650 0 |a Sociología   |9 255410 
650 0 |a Valores morales   |9 310604 
583 |a last modification  |c 19951013 00:00:00  |k Rodrigo Vera 
999 |c 239584  |d 239582 
952 |0 0  |1 0  |4 0  |6 177_000000000000000_KIN_1963  |7 0  |8 P  |9 250844  |a BIBEDU  |b BIBEDU  |c BIBEDU_PB  |d 2019-11-18  |i 1583476  |o 177 KIN 1963  |p 1583476  |r 2024-01-25  |w 2019-11-18  |y BK  |k FIL 
952 |0 0  |1 0  |4 0  |6 177_000000000000000_KIN_1963  |7 0  |8 A  |9 250845  |a BIBTEO  |b BIBTEO  |d 2019-11-18  |i 2095149  |l 1  |o 177 KIN 1963  |p 2095149  |r 2025-01-17  |s 2023-05-03  |w 2019-11-18  |y BK  |k ICR